| 000 | 00791cab a2200193 4500 | ||
|---|---|---|---|
| 001 | WB2637-26 | ||
| 008 | 090401t1990 xxu||||| |||| 00| 0 eng d | ||
| 035 | _a(Sirsi) u65712 | ||
| 041 | _aeng | ||
| 245 | _aHeritage coast control | ||
| 260 | _c1990 | ||
| 350 | _a0 | ||
| 490 |
_aPlanning (for the Natural and Built Environment) _vno 886 14/9/90 p40 |
||
| 520 | _aThe Countryside Commission is calling for rigorous controls on any development which threatens to harm the most beautiful stretches of the English and Welsh coastline and the Royal Society for the Protection of Birds has called on Government to draw up management plans for Britain`s coastlines, complemented by a national coastal strategy. | ||
| 650 | _aWILDLIFE | ||
| 690 | _aCON | ||
| 942 | _n0 | ||
| 948 | _c04/03/1997 | ||
| 999 |
_c41009 _d41009 |
||